UK Top Ten Artists of 2010 - Statistics

General Stats
  • This quiz has been taken 35 times
  • The average score is 56 of 150
Answer Stats
% Correct
2010 March Telephone Lady Gaga ft. Beyoncé 1
100%
2010 July My First Kiss 3OH!3 ft. Kesha 7
97%
2009 November TiK ToK Kesha 4
97%
2009 November Bad Romance Lady Gaga 1
97%
2010 June Alejandro Lady Gaga 7
97%
2010 May Dirty Pitcture Taio Cruz ft. Kesha 6
97%
2009 December Starstrukk 3OH!3 ft. Katy Perry 3
91%
2010 December Who's That Chick? David Guetta ft. Rihanna 6
91%
2010 July Love the Way You Lie Eminem ft. Rihanna 2
91%
2010 September Teenage Dream Katy Perry 2
91%
2010 Ocotober Firework Katy Perry 3
91%
2010 July California Gurls Katy Perry ft. Snoop Dogg 1
91%
2009 December Russian Roulette Rihanna 2
91%
2010 February Rude Boy Rihanna 2
91%
2010 November Only Girl (In the World) Rihanna 1
91%
2010 February If We Ever Meet Again Timbaland & Katy Perry 3
91%
2010 December What's My Name? Rihanna ft Drake 1
81%
2010 June Eenie Meenie Sean Kingston & Justin Bieber 9
81%
2009 December Don't Stop Believin' Journey 6
78%
2010 March Baby Justin Bieber ft. Ludacris 3
78%
2010 June Not Afraid Eminem 5
75%
2010 May Nothin' on You B.o.B ft. Bruno Mars 1
69%
2010 June Getting' Over You David Guetta & Chris Willis ft. Fergie & LMFAO 1
69%
2010 February Young Forever Jay-Z ft. Mr Hudson 10
69%
2010 April OMG Usher ft. will.i.am 1
69%
2010 February Empire State of Mind (Part II) Broken Down Alicia Keys 4
66%
2010 June Try Sleeping with a Broken Heart Alicia Keys 7
66%
2009 November Meet Me Halfway Black Eyed Peas 1
66%
2010 November The Time (Dirty Bit) Black Eyed Peas 1
66%
2010 August Club Can't Handle Me Flo Rida ft. David Guetta 1
66%
2010 January Fireflies Owl City 1
66%
2010 July Airplanes B.o.B ft. Hayley Williams 1
63%
2010 Ocotober Just the Way You Are Bruno Mars 1
63%
2010 August Billionaire Travie McCoy ft. Bruno Mars 3
63%
2010 September DJ Got Us Fallin' in Love Usher ft. Pitbull 7
63%
2010 February Under Pressure (Ice Ice Baby) Jedward ft. Vanilla Ice 2
56%
2010 July Commander Kelly Rowland ft. David Guetta 9
56%
2010 December Whip My Hair Willow 2
56%
2010 Ocotober Miami 2 Ibiza Swedish House Mafia ft. Tinie Tempah 4
53%
2010 January Replay Iyaz 1
50%
2010 June Solo Iyaz 3
50%
2009 December Killing in the Name Rage Against the Machine 1
50%
2010 September Dynamite Taio Cruz 1
50%
2010 Ocotober Forget You CeeLo Green 1
47%
2009 December 3 Words Cheryl Cole ft. will.i.am 4
47%
2010 March In My Head Jason Derulo 1
47%
2010 May Ridin' Solo Jason Derulo 2
47%
2010 November Shine a Light McFly ft. Taio Cruz 4
47%
2010 August One (Your Name) Swedish House Mafia ft. Pharrell Williams 7
47%
2010 Ocotober Written in the Stars Tinie Tempah ft. Eric Turner 1
47%
2010 January You've Got the Love Florence and the Machine 5
44%
2010 February You Got the Dirtee Love Florence and the Machine & Dizzee Rascal 2
44%
2010 Ocotober Make You Feel My Love Adele 4
41%
2010 Ocotober Cooler than Me Mike Posner 5
41%
2009 December You Know Me Robbie Williams 6
41%
2010 Ocotober Shame Robbie Williams & Gary Barlow 2
41%
2010 November The Flood Take That 2
41%
2010 November Higher The Saturdays ft. Flo Rida 10
41%
2010 March Pass Out Tinie Tempah 1
41%
2010 June Frisky Tinie Tempah ft. Labrinth 2
41%
2010 July I Like It Enrique Iglesias ft. Pitbull 4
38%
2010 January Don't Stop Believin' Glee cast 2
38%
2010 February Halo/Walking on Sunshine Glee cast 9
38%
2010 May Total Eclipse of the Heart Glee cast ft. Jonathan Groff 9
38%
2010 November Just a Dream Nelly 8
38%
2010 May All Night Long Alexandra Burke ft. Pitbull 4
34%
2010 June Three Lions Baddiel, Skinner & The Lightning Seeds 10
34%
2010 Ocotober 2012 (It Ain't the End) Jay Sean ft. Nicki Minaj 9
34%
2010 January One Shot JLS 6
34%
2010 July The Club Is Alive JLS 1
34%
2010 November Love You More JLS 1
34%
2010 June Dancing on My Own Robyn 8
34%
2010 March Parachute Cheryl Cole 5
31%
2010 November Promise This Cheryl Cole 1
31%
2010 January Won't Go Quietly Example 6
28%
2010 June Kickstarts Example 3
28%
2010 November Like a G6 Far East Movement ft. The Cataracs & Dev 5
28%
2010 August All Time Low The Wanted 1
28%
2010 Ocotober Heart Vacany The Wanted 2
28%
2010 December Heroes The X Factor Finalists 2010 1
28%
2010 December Many of Horror Biffy Clyro 8
25%
2010 June Dirtee Disco Dizzee Rascal 1
25%
2010 Ocotober Barbra Streisand Duck Sauce 3
25%
2010 June Wavin' Flag K'naan 2
25%
2010 June All the Lovers Kylie Minogue 3
25%
2010 December Hold My Hand Michael Jackson & Akon 10
25%
2010 July Just Be Good to Green Professor Green ft. Lily Allen 5
25%
2010 April Naturally Selena Gomez & the Scene 7
25%
2010 April Carry Out Timbaland ft. Justin Timberlake 6
25%
2010 March Starry Eyed Ellie Goulding 4
22%
2010 November Your Song Ellie Goulding 2
22%
2010 December When We Collide Matt Cardle 1
22%
2010 August Beautiful Monster Ne-Yo 1
22%
2010 September Please Don't Let Me Go Olly Murs 1
22%
2010 December Thinking of Me Olly Murs 4
22%
2010 June Shout Shout For England ft. Dizzee Rascal & James Corden 1
22%
2010 January Ego The Saturdays 9
22%
2010 August Missing You The Saturdays 3
22%
2010 July We No Speak Americano Yolanda Be Cool & DCUP 1
22%
2010 Ocotober Heartbeat Enrique Iglesias ft. Nicole Scherzinger 8
19%
2009 December The Climb Joe McElderry 1
19%
2010 Ocotober Ambitions Joe McElderry 6
19%
2010 September Katy on a Mission Katy B 5
19%
2010 Ocotober Let the Sun Shine Labrinth 3
19%
2010 Ocotober Best Bhaviour N-Dubz 10
19%
2010 June We Dance On N-Dubz ft. Bodyrox 6
19%
2010 January Stay Too Long Plan B 9
19%
2010 April She Said Plan B 3
19%
2010 April This Ain't a Love Song Scouting for Girls 1
19%
2010 March Wear My Kiss Sugababes 7
19%
2010 January Broken Heels Alexandra Burke 8
16%
2010 September Start Without You Alexandra Burke ft. Laza Morgan 1
16%
2010 April Acapella Kelis 5
16%
2010 March Never Be Your Woman Naughty Boy presents Wiley ft. Emeli Sandé 8
16%
2010 September For the First Time The Script 4
16%
2010 May The Best Tina Turner 9
16%
2010 May Until You Were Gone Chipmunk ft. Esmée Denters 3
13%
2009 December Look for Me Chipmunk ft. Talay Riley 7
13%
2010 July Pack Up Eliza Doolittle 5
13%
2010 April I Need You Tonight Professor Green ft. Ed Drewett 3
13%
2010 September Impossible Shontelle 9
13%
2010 August In My System Tinchy Stryder 10
13%
2010 November Safe Westlife 10
13%
2010 May Candy Aggro Santos ft. Kimberly Wyatt 5
9%
2010 May Stereo Love Edward Maya & Vika Jigulina 4
9%
2010 July Bang Bang Bang Mark Ronson & The Business Intl. 6
9%
2010 September Party Girl McFly 6
9%
2010 May Good Times Roll Deep 1
9%
2010 August Green Light Roll Deep 1
9%
2010 March Gave It All Away Boyzone 9
6%
2010 May Once Diana Vickers 1
6%
2010 March On a Mission Gabriella Cilmi 9
6%
2010 March Hot Inna 6
6%
2010 Ocotober Radioactive Kings of Leon 7
6%
2010 December Poison Nicole Scherzinger 3
6%
2010 May Watercolour Pendulum 4
6%
2010 December Surfin' Bird The Trashmen 3
6%
2010 April BedRock Young Money ft. Lloyd 9
6%
2010 November Happiness Alexis Jordan 3
3%
2010 September This Day Emma's Imagination 10
3%
2010 Ocotober Focus Emma's Imagination 7
3%
2010 February The Way Love Goes Lemar 8
3%
2010 March My Name McLean 10
3%
2010 January Riverside (Let's Go!) Sidney Samson ft. Wizard Sleeve 2
3%
2010 Ocotober I'm in Love (I Wanna Do It) Alex Gaudino 10
0%
2010 September Crossfire Brandon Flowers 8
0%
2010 April History Makers Delirious? 2
0%
2010 May She's Always a Woman Fyfe Dangerfield 7
0%
2010 August I Need Air Magnetic Man 10
0%
2010 September You Took My Heart Pepper & Piano 7
0%
No matching quizzes found
Score Distribution
Percent of People with Each Score
Percentile by Number Answered
Your Score History
You have not taken this quiz